[Event "SK Münster 3 - SG Turm Raesfeld/Erle 1"]
[Site "NRW-Klasse - Gruppe 2 2019/20"]
[Date "2019.09.08"]
[Round "1.2"]
[White "Korth, Daniel"]
[Black "Pollok, Ralf"]
[Result "1-0"]
[WhiteElo "2153"]
[BlackElo "2035"]
[PlyCount "111"]
[EventDate "2019.??.??"]
[SourceVersionDate "2020.03.16"]
[WhiteTeam "SK Münster 3"]
[BlackTeam "SG Turm Raesfeld/Erle 1"]

1. d4 f5 2. g3 Nf6 3. Bg2 e6 4. c4 Be7 5. Nf3 O-O 6. O-O d6 7. Nc3 Ne4 8. Qc2
Nxc3 9. Qxc3 a5 10. Qc2 Nc6 11. Rd1 Qe8 12. e4 e5 13. c5 f4 14. Qc4+ Kh8 15. d5
Nb8 16. Bd2 Qh5 17. cxd6 Bxd6 18. gxf4 Bg4 19. Qd3 exf4 20. e5 Bxe5 21. Re1 Bd6
22. Bc3 Nd7 23. Kh1 Nf6 24. Be5 Rad8 25. Bxd6 Rxd6 26. Re5 Rxd5 27. Qa3 Rxe5
28. Qxf8+ Ng8 29. Nxe5 Qxe5 30. h3 Bh5 31. Rc1 c6 32. Qc5 Qxb2 33. Rc2 Qb1+ 34.
Kh2 Nf6 35. Qf8+ Ng8 36. Rd2 f3 37. Bxf3 Bxf3 38. Qxf3 h6 39. Rd8 Qxa2 40. Qf8
a4 41. Rd7 Qb2 42. Qf7 Kh7 43. Rxb7 Qe5+ 44. Kh1 a3 45. Ra7 Qd5+ 46. Qxd5 cxd5
47. Kg2 Nf6 48. Kf3 Kg6 49. Kf4 Nh5+ 50. Ke5 Kg5 51. Rxa3 Kh4 52. f4 Nf6 53. f5
Nh5 54. Kxd5 Nf4+ 55. Ke5 Nxh3 56. Ra7 1-0

[Event "SK Münster 3 - SG Turm Raesfeld/Erle 1"]
[Site "NRW-Klasse - Gruppe 2 2019/20"]
[Date "2019.09.08"]
[Round "1.3"]
[White "Greifenberg, Daniel"]
[Black "Mueschenich, Stefan"]
[Result "1-0"]
[WhiteElo "2047"]
[BlackElo "2073"]
[Annotator "Daniel"]
[PlyCount "89"]
[EventDate "2019.??.??"]
[SourceVersionDate "2020.03.16"]
[WhiteTeam "SG Turm Raesfeld/Erle 1"]
[BlackTeam "SK Münster 3"]

1. d4 c5 2. d5 Nf6 3. Nc3 Qa5 4. Bd2 b5 5. e4 b4 6. e5 bxc3 7. Bxc3 Qa4 8. exf6
Qe4+ 9. Qe2 Qxe2+ 10. Nxe2 gxf6 11. Ng3 d6 12. Bb5+ Bd7 13. Bd3 Bh6 14. O-O Bf4
15. Nh5 Be5 16. Bd2 Bg4 17. Ng7+ Kd8 18. Ba5+ Kc8 19. c3 Rg8 20. Nf5 Rg5 21.
Ne3 c4 22. Bxc4 Bf4 23. h4 Rg8 24. Nxg4 Rxg4 25. Bd3 e6 26. Rfe1 Be5 27. g3 Nd7
28. Re4 Rxe4 29. Bxe4 Rb8 30. Bxh7 f5 31. Bg8 Rxb2 32. dxe6 fxe6 33. Bxe6 Rb5
34. f4 Bf6 $11 35. Rd1 Rxa5 36. Rxd6 Bxc3 37. Rxd7 Kb8 38. Rd5 Ra6 39. Rb5+ Kc7
40. Bb3 Be1 41. Rc5+ Kd7 42. Rd5+ Kc7 43. Kg2 Rg6 44. Rd3 Kc6 45. Re3 1-0

[Event "SK Münster 3 - SG Turm Raesfeld/Erle 1"]
[Site "NRW-Klasse - Gruppe 2 2019/20"]
[Date "2019.09.08"]
[Round "1.4"]
[White "Wieder, Heiner"]
[Black "Gesing, Felix"]
[Result "0-1"]
[WhiteElo "2045"]
[BlackElo "1986"]
[PlyCount "124"]
[EventDate "2019.??.??"]
[SourceVersionDate "2020.03.16"]
[WhiteTeam "SK Münster 3"]
[BlackTeam "SG Turm Raesfeld/Erle 1"]

1. e4 d6 2. d4 Nf6 3. Nc3 Nbd7 4. Nf3 e5 5. Bc4 Be7 6. O-O c6 7. a4 Qc7 8. Re1
h6 9. Nh4 g6 10. a5 Nh7 11. Nf3 Ng5 12. d5 a6 13. Nd2 Nf6 14. h4 Ngh7 15. Nf3
Ng4 16. b3 Qd8 17. dxc6 bxc6 18. g3 g5 19. h5 Nhf6 20. Be2 Qd7 21. Nd2 Nxh5 22.
Nc4 Rb8 23. Bxg4 Qxg4 24. Nxd6+ Kf8 25. Nxc8 Qxd1 26. Rxd1 Rxc8 27. Be3 Nf6 28.
Ra4 Kg7 29. Rc4 Ng4 30. Bb6 h5 31. Rd7 Kf6 32. f3 Ke6 33. Ra7 Nf6 34. Rxa6 g4
35. fxg4 hxg4 36. Bf2 Kd7 37. Na4 Bd8 38. Nc5+ Ke8 39. Nd3 Rh5 40. b4 Nh7 41.
b5 Ng5 42. b6 Nf3+ 43. Kf1 Nd2+ 44. Ke2 Nxc4 45. b7 Rb8 46. Nc5 Nxa5 47. Ra8
Rxb7 48. Nxb7 Nxb7 49. Rb8 Nd6 50. Bb6 Nxe4 51. Bxd8 Nxg3+ 52. Kf2 Ne4+ 53. Ke3
Nd6 54. Bf6+ Kd7 55. Rg8 Ke6 56. Bd8 f5 57. Bc7 Rh6 58. Bb8 f4+ 59. Ke2 g3 60.
Kf3 Rf6 61. Rd8 Ke7 62. Rg8 e4+ 0-1

[Event "SK Münster 3 - SG Turm Raesfeld/Erle 1"]
[Site "NRW-Klasse - Gruppe 2 2019/20"]
[Date "2019.09.08"]
[Round "1.5"]
[White "Broemmel, Rudolf"]
[Black "Kaufhold, Thomas"]
[Result "1/2-1/2"]
[WhiteElo "1940"]
[BlackElo "2022"]
[PlyCount "51"]
[EventDate "2019.??.??"]
[SourceVersionDate "2020.03.16"]
[WhiteTeam "SG Turm Raesfeld/Erle 1"]
[BlackTeam "SK Münster 3"]

1. Nc3 d5 2. d4 Nf6 3. g3 e6 4. Bg2 c5 5. e3 Nc6 6. Nge2 a6 7. O-O b5 8. dxc5
Bxc5 9. e4 dxe4 10. Qxd8+ Nxd8 11. Nxe4 Nxe4 12. Bxe4 Bb7 13. Bxb7 Nxb7 14. Bf4
Ke7 15. Rad1 Rhd8 16. Nc1 Rac8 17. Nd3 Bb6 18. c3 a5 19. a3 f6 20. Rfe1 Rd5 21.
Be3 Bxe3 22. Rxe3 Rcd8 23. Kf1 Nc5 24. Ke2 e5 25. f3 Na4 26. f4 1/2-1/2

[Event "SK Münster 3 - SG Turm Raesfeld/Erle 1"]
[Site "NRW-Klasse - Gruppe 2 2019/20"]
[Date "2019.09.08"]
[Round "1.6"]
[White "Ollech, Dirk"]
[Black "Hoffmann, Fabian"]
[Result "0-1"]
[WhiteElo "1870"]
[BlackElo "1962"]
[Annotator "Daniel"]
[PlyCount "78"]
[EventDate "2019.??.??"]
[SourceVersionDate "2020.03.16"]
[WhiteTeam "SK Münster 3"]
[BlackTeam "SG Turm Raesfeld/Erle 1"]

1. c4 Nf6 2. g3 g6 3. Bg2 Bg7 4. e4 d6 5. Nc3 O-O 6. Nge2 c6 7. O-O Nbd7 8. d3
Nb6 9. f4 d5 10. cxd5 cxd5 11. e5 Ng4 12. d4 e6 13. h3 Nh6 14. g4 Kh8 15. b3
Bd7 16. a4 a5 $11 17. Nb5 Bxb5 18. axb5 Qd7 19. Qd3 Rfc8 20. Ng3 a4 21. f5 axb3
22. Rxa8 Rxa8 23. Qxb3 Ra5 24. fxe6 fxe6 25. Ne2 Rxb5 26. Qg3 Nc4 27. Nf4 Ra5
28. Qh4 Qe8 29. Nxe6 Qxe6 30. Bxh6 Ra8 31. Bxg7+ Kxg7 32. Rf6 Qe8 33. Bxd5 Ra1+
34. Kh2 Nxe5 35. Re6 Qxe6 36. Bxe6 Nf3+ 37. Kg3 Nxh4 38. Kxh4 Kf6 39. Bg8 Ra3
0-1

[Event "SK Münster 3 - SG Turm Raesfeld/Erle 1"]
[Site "NRW-Klasse - Gruppe 2 2019/20"]
[Date "2019.09.08"]
[Round "1.8"]
[White "Wingenfeld, Klaus"]
[Black "Sosnowski, Daniel Konrad"]
[Result "0-1"]
[WhiteElo "1896"]
[BlackElo "1962"]
[PlyCount "90"]
[EventDate "2019.??.??"]
[SourceVersionDate "2020.03.16"]
[WhiteTeam "SK Münster 3"]
[BlackTeam "SG Turm Raesfeld/Erle 1"]

1. d4 Nf6 2. Bf4 e6 3. e3 c5 4. c3 Nc6 5. Nd2 d5 6. Ngf3 h6 7. Bd3 Bd6 8. Bg3
O-O 9. e4 dxe4 10. Nxe4 Bxg3 11. Nxg3 cxd4 12. cxd4 Qa5+ 13. Qd2 Qxd2+ 14. Kxd2
Rd8 15. Ne2 e5 16. Nxe5 Nxe5 17. dxe5 Ng4 18. Nf4 g5 19. h3 Nxe5 20. Rhe1 f6
21. Nh5 Rxd3+ 22. Kc2 Rd6 23. Nxf6+ Rxf6 24. Rxe5 Rxf2+ 25. Kb3 Bf5 26. Rae1
Bc2+ 27. Ka3 Rd8 28. Re7 Rf7 29. R7e2 Bg6 30. Re6 Kg7 31. R1e2 Rd5 32. b3 Rdf5
33. Rd2 Rf2 34. Ree2 Rxe2 35. Rxe2 Kf6 36. Kb4 Re7 37. Rf2+ Ke5 38. Re2+ Kd6
39. Rd2+ Kc6 40. Rf2 Re6 41. Rf8 Kb6 42. a3 Be8 43. Kc3 Bc6 44. Rf2 Re3+ 45.
Kb2 Rg3 0-1

[Event "SV Sundern 1 - SV Wattenscheid 2"]
[Site "NRW-Klasse - Gruppe 2 2019/20"]
[Date "2019.09.08"]
[Round "1.1"]
[White "Gohla, Ulf"]
[Black "Hoffmann, Michael"]
[Result "0-1"]
[WhiteElo "2183"]
[BlackElo "2426"]
[PlyCount "68"]
[EventDate "2019.??.??"]
[SourceVersionDate "2020.03.16"]
[WhiteTeam "SV Wattenscheid 2"]
[BlackTeam "SV Sundern 1"]

1. d4 Nf6 2. c4 e6 3. Nc3 Bb4 4. Qc2 O-O 5. a3 Bxc3+ 6. Qxc3 d5 7. Nf3 dxc4 8.
Qxc4 b6 9. g3 Bb7 10. Bg2 Bd5 11. Qc2 Nc6 12. Be3 Rc8 13. Qa4 Na5 14. Rc1 Qe8
15. Qxe8 Rfxe8 16. Bf4 Nb3 17. Rd1 c5 18. dxc5 Rxc5 19. O-O Rc2 20. Be5 Rxe2
21. Rfe1 Rxe1+ 22. Nxe1 Bxg2 23. Kxg2 Nd5 24. Rd3 Nc1 25. Rd1 Rc8 26. Nd3 Nxd3
27. Rxd3 Rc2 28. Rb3 f6 29. Bb8 Rc8 30. Bd6 Kf7 31. a4 a6 32. Rf3 Ke8 33. Ba3
Kd7 34. g4 Rc4 0-1

[Event "SV Sundern 1 - SV Wattenscheid 2"]
[Site "NRW-Klasse - Gruppe 2 2019/20"]
[Date "2019.09.08"]
[Round "1.2"]
[White "Stolte, Alexander"]
[Black "Peter, Thomas"]
[Result "1/2-1/2"]
[WhiteElo "2170"]
[BlackElo "2083"]
[PlyCount "61"]
[EventDate "2019.??.??"]
[SourceVersionDate "2020.03.16"]
[WhiteTeam "SV Sundern 1"]
[BlackTeam "SV Wattenscheid 2"]

1. d4 Nf6 2. c4 g6 3. Nc3 Bg7 4. e4 d6 5. Nf3 O-O 6. Be2 e5 7. O-O Bg4 8. Be3
exd4 9. Nxd4 Bxe2 10. Qxe2 Nc6 11. Nxc6 bxc6 12. Rad1 Qe7 13. Rfe1 Nd7 14. Qd2
Qe6 15. b3 Qe5 16. Bd4 Qxd4 17. Qxd4 Bxd4 18. Rxd4 Rfe8 19. Rdd1 a5 20. Na4
Rab8 21. f3 Kf8 22. Re3 f5 23. Kf2 fxe4 24. Rxe4 Rxe4 25. fxe4 Ke7 26. Ke3 Rf8
27. c5 dxc5 28. Rc1 Kd6 29. Rd1+ Ke6 30. Rc1 Kd6 31. Rd1+ 1/2-1/2

[Event "SV Sundern 1 - SV Wattenscheid 2"]
[Site "NRW-Klasse - Gruppe 2 2019/20"]
[Date "2019.09.08"]
[Round "1.3"]
[White "Schmedders, Hans-Gerd"]
[Black "Schober, Ralf"]
[Result "1/2-1/2"]
[WhiteElo "2106"]
[BlackElo "2010"]
[Annotator "Daniel"]
[PlyCount "83"]
[EventDate "2019.??.??"]
[SourceVersionDate "2020.03.16"]
[WhiteTeam "SV Wattenscheid 2"]
[BlackTeam "SV Sundern 1"]

1. g4 d5 2. Bg2 c6 3. h3 g6 4. d4 Bg7 5. Nf3 Qc7 6. Nbd2 Nd7 7. c4 e6 8. b3
Ngf6 9. Qc2 O-O 10. O-O Re8 11. Bb2 Qd8 12. Rad1 Rb8 13. Rfe1 b6 14. e4 Nxe4
15. Nxe4 dxe4 16. Ne5 Nxe5 17. dxe5 Qc7 $11 18. Bxe4 c5 19. Rd6 Bf8 20. Rd2 Bh6
21. Rd6 Bg5 22. Red1 Rd8 23. f4 Be7 24. Rc6 Rxd1+ 25. Qxd1 Qd8 26. Qxd8+ Bxd8
27. Rd6 Bc7 28. Rd3 Kf8 29. Kf2 Ke7 30. Bc6 Kf8 31. Kf3 Bb7 32. Bxb7 Rxb7 33.
Ke4 Ke8 34. f5 Bd8 35. fxe6 fxe6 36. Rd6 Re7 37. Bc1 Bc7 38. Rd3 Rd7 39. Rxd7
Kxd7 40. Bg5 Bd8 41. Bf6 g5 42. Bxd8 1/2-1/2

[Event "SV Sundern 1 - SV Wattenscheid 2"]
[Site "NRW-Klasse - Gruppe 2 2019/20"]
[Date "2019.09.08"]
[Round "1.4"]
[White "Plass, Mariana-Camelia"]
[Black "Schwebel, Markus"]
[Result "1-0"]
[WhiteElo "2022"]
[BlackElo "1958"]
[PlyCount "51"]
[EventDate "2019.??.??"]
[SourceVersionDate "2020.03.16"]
[WhiteTeam "SV Sundern 1"]
[BlackTeam "SV Wattenscheid 2"]

1. d4 Nf6 2. c4 g6 3. Nc3 d5 4. cxd5 Nxd5 5. Bd2 Bg7 6. e4 Nb6 7. Be3 O-O 8. h3
Nc6 9. Nf3 Bd7 10. d5 Ne5 11. Nxe5 Bxe5 12. Bd4 Bxd4 13. Qxd4 c6 14. Be2 Qc7
15. h4 Rad8 16. h5 Qf4 17. h6 f6 18. a4 Be6 19. Qc5 cxd5 20. Qxe7 Bf7 21. a5 d4
22. g3 Qg5 23. axb6 dxc3 24. bxc3 Qd2+ 25. Kf1 axb6 26. Qxf6 1-0

[Event "SV Sundern 1 - SV Wattenscheid 2"]
[Site "NRW-Klasse - Gruppe 2 2019/20"]
[Date "2019.09.08"]
[Round "1.5"]
[White "Dick, Matthias"]
[Black "Tillmann, Markus"]
[Result "0-1"]
[WhiteElo "1994"]
[BlackElo "2073"]
[PlyCount "84"]
[EventDate "2019.??.??"]
[SourceVersionDate "2020.03.16"]
[WhiteTeam "SV Wattenscheid 2"]
[BlackTeam "SV Sundern 1"]

1. Nf3 d5 2. c4 e6 3. d4 Nf6 4. g3 Be7 5. Bg2 O-O 6. O-O a5 7. Qc2 Na6 8. a3
Bd7 9. b3 Rc8 10. c5 Be8 11. Bd2 b6 12. Qd3 Nb8 13. b4 Ne4 14. Bc3 Bf6 15. Nfd2
Nxc3 16. Nxc3 axb4 17. axb4 Nc6 18. Rab1 Nxd4 19. e3 Nc6 20. Rfd1 Qe7 21. Na4
Ne5 22. Qc2 Bb5 23. Nb2 Ra8 24. Ra1 Rxa1 25. Rxa1 Nd3 26. Bf1 Bxb2 27. Rb1 Nxb4
28. Qxb2 Bxf1 29. cxb6 Ba6 30. Qxb4 Qxb4 31. Rxb4 Rb8 32. Nb3 Rxb6 33. Ra4 Rxb3
34. Rxa6 Kf8 35. Ra8+ Ke7 36. Rc8 Rc3 37. g4 h6 38. h4 Kf6 39. Kf1 Rc4 40. f3
h5 41. gxh5 Rc2 42. Kg1 c5 0-1

[Event "SV Sundern 1 - SV Wattenscheid 2"]
[Site "NRW-Klasse - Gruppe 2 2019/20"]
[Date "2019.09.08"]
[Round "1.6"]
[White "Plass, Heinz"]
[Black "Wolf, Ulrich"]
[Result "1/2-1/2"]
[WhiteElo "1987"]
[BlackElo "2018"]
[Annotator "Daniel"]
[PlyCount "47"]
[EventDate "2019.??.??"]
[SourceVersionDate "2020.03.16"]
[WhiteTeam "SV Sundern 1"]
[BlackTeam "SV Wattenscheid 2"]

1. d4 Nf6 2. c4 e6 3. Nf3 b6 4. a3 Bb7 5. Nc3 d6 6. d5 e5 7. e4 g6 8. Be2 Bg7
9. h3 Nbd7 10. Bg5 a5 11. Nd2 O-O 12. g4 Nc5 13. b4 axb4 14. axb4 Rxa1 15. Qxa1
Ncd7 16. Bd3 c6 17. dxc6 Bxc6 $11 18. Ke2 Qc7 19. Nd5 Bxd5 20. cxd5 Rc8 21. f3
Nb8 22. Be3 Nxd5 23. exd5 e4 24. Qb1 1/2-1/2

[Event "SV Sundern 1 - SV Wattenscheid 2"]
[Site "NRW-Klasse - Gruppe 2 2019/20"]
[Date "2019.09.08"]
[Round "1.7"]
[White "Thelen, Thomas"]
[Black "Kevekordes, Peter"]
[Result "1-0"]
[WhiteElo "2019"]
[BlackElo "1910"]
[PlyCount "61"]
[EventDate "2019.??.??"]
[SourceVersionDate "2020.03.16"]
[WhiteTeam "SV Wattenscheid 2"]
[BlackTeam "SV Sundern 1"]

1. d4 d5 2. Nf3 c6 3. c4 dxc4 4. a4 e6 5. Qc2 Bb4+ 6. Nc3 Nf6 7. Bg5 Nbd7 8. e4
Qa5 9. Bd2 Nb6 10. Be2 O-O 11. O-O c5 12. dxc5 Qxc5 13. e5 Bxc3 14. Be3 Qc7 15.
bxc3 Nfd5 16. Bd4 Ne7 17. Ng5 Ng6 18. h4 Qe7 19. f4 h6 20. h5 hxg5 21. hxg6
fxg6 22. fxg5 Rxf1+ 23. Rxf1 Qxg5 24. a5 Nd5 25. Bxc4 Nf4 26. Qe4 Nh5 27. a6
Ng3 28. axb7 Bxb7 29. Qxb7 Rd8 30. Qf7+ Kh7 31. Qf4 1-0

[Event "SV Sundern 1 - SV Wattenscheid 2"]
[Site "NRW-Klasse - Gruppe 2 2019/20"]
[Date "2019.09.08"]
[Round "1.8"]
[White "Schulte, Josef"]
[Black "Schlee, Ulrich"]
[Result "1/2-1/2"]
[WhiteElo "1889"]
[BlackElo "1745"]
[PlyCount "35"]
[EventDate "2019.??.??"]
[SourceVersionDate "2020.03.16"]
[WhiteTeam "SV Sundern 1"]
[BlackTeam "SV Wattenscheid 2"]

1. d4 d5 2. c4 e6 3. Nc3 Nf6 4. cxd5 exd5 5. Bg5 Nbd7 6. e3 Be7 7. Bd3 O-O 8.
Nge2 c6 9. O-O Re8 10. Qc2 Nf8 11. Rae1 h6 12. Bh4 Ne4 13. Bxe7 Qxe7 14. a3 Bf5
15. b4 Rac8 16. f3 Nxc3 17. Nxc3 Bxd3 18. Qxd3 1/2-1/2

[Event "SF Essen-Katernberg  2 - SK Holsterhaus"]
[Site "NRW-Klasse - Gruppe 2 2019/20"]
[Date "2019.09.08"]
[Round "1.1"]
[White "Dergatschova, Anna"]
[Black "Villwock, Martin"]
[Result "1/2-1/2"]
[WhiteElo "2137"]
[BlackElo "2075"]
[PlyCount "104"]
[EventDate "2019.??.??"]
[SourceVersionDate "2020.03.16"]
[WhiteTeam "SK Holsterhausen 1"]
[BlackTeam "SF Essen-Katernberg  2"]

1. Nc3 c5 2. f4 Nc6 3. Nf3 g6 4. e4 Bg7 5. Bc4 e6 6. O-O Nge7 7. e5 d5 8. exd6
Nf5 9. Ne4 Nxd6 10. d3 O-O 11. c3 b6 12. Bb3 Ba6 13. Neg5 h6 14. Nh3 Nf5 15.
Nf2 Qd6 16. Qe2 Rad8 17. Qe4 Rfe8 18. Qa4 Bb7 19. Bd2 a6 20. Bc2 e5 21. Rae1 b5
22. Qa3 b4 23. Qa4 exf4 24. Rxe8+ Rxe8 25. Ne4 Qc7 26. Nxc5 Ne3 27. Re1 Re7 28.
Nxb7 Qxb7 29. d4 g5 30. Bd3 g4 31. Bxe3 gxf3 32. Bf2 Rxe1+ 33. Bxe1 Qe7 34. Bf2
Qg5 35. g3 fxg3 36. hxg3 Qc1+ 37. Bf1 bxc3 38. bxc3 Qxc3 39. d5 Nd4 40. Qe8+
Bf8 41. d6 Ne6 42. d7 Qd2 43. Bb6 Kg7 44. d8=Q Nxd8 45. Qe5+ f6 46. Qf5 Nf7 47.
Qxf3 Ng5 48. Qb7+ Kg6 49. Bf2 Bd6 50. Qxa6 Nf3+ 51. Kg2 Ne1+ 52. Kg1 Nf3+
1/2-1/2

[Event "SF Essen-Katernberg  2 - SK Holsterhaus"]
[Site "NRW-Klasse - Gruppe 2 2019/20"]
[Date "2019.09.08"]
[Round "1.2"]
[White "Dahm, Bernd"]
[Black "Walbaum, Klaus"]
[Result "1-0"]
[WhiteElo "2104"]
[BlackElo "2119"]
[PlyCount "55"]
[EventDate "2019.??.??"]
[SourceVersionDate "2020.03.16"]
[WhiteTeam "SF Essen-Katernberg  2"]
[BlackTeam "SK Holsterhausen 1"]

1. d4 Nf6 2. c4 c5 3. d5 Ne4 4. Qc2 Qa5+ 5. Nd2 Nd6 6. b3 e5 7. Bb2 f6 8. e3 b5
9. Bd3 bxc4 10. bxc4 Ba6 11. Ne2 e4 12. Bxe4 Bxc4 13. Bc3 Qa6 14. Nxc4 Qxc4 15.
Bxh7 Qxd5 16. Bg6+ Ke7 17. Nf4 Qc6 18. O-O Na6 19. Bh5 Rxh5 20. Nxh5 Ne4 21.
Rfd1 d5 22. Rac1 Rd8 23. Ba5 Rd7 24. Nf4 Kf7 25. f3 Ng5 26. Qg6+ Kg8 27. Qe8 d4
28. Rxd4 1-0

[Event "SF Essen-Katernberg  2 - SK Holsterhaus"]
[Site "NRW-Klasse - Gruppe 2 2019/20"]
[Date "2019.09.08"]
[Round "1.3"]
[White "Schwalen, Peter"]
[Black "Irkilmez, Yakub"]
[Result "1/2-1/2"]
[WhiteElo "2017"]
[BlackElo "2047"]
[PlyCount "45"]
[EventDate "2019.??.??"]
[SourceVersionDate "2020.03.16"]
[WhiteTeam "SK Holsterhausen 1"]
[BlackTeam "SF Essen-Katernberg  2"]

1. e4 e6 2. d4 d5 3. Nd2 Nf6 4. e5 Nfd7 5. Bd3 c5 6. c3 b5 7. Ne2 b4 8. O-O Ba6
9. Bxa6 Nxa6 10. Nf3 Be7 11. Qd3 Qb6 12. Bg5 Bxg5 13. Nxg5 h6 14. Nf3 O-O 15.
Nf4 bxc3 16. bxc3 cxd4 17. cxd4 Nb4 18. Qd2 Nc6 19. Rab1 Qa5 20. Qxa5 Nxa5 21.
Rb5 Nc4 22. Nd3 Rab8 23. Rfb1 1/2-1/2

[Event "SF Essen-Katernberg  2 - SK Holsterhaus"]
[Site "NRW-Klasse - Gruppe 2 2019/20"]
[Date "2019.09.08"]
[Round "1.4"]
[White "Heldt, Maximilian"]
[Black "Kortenbusch, Christoph"]
[Result "1/2-1/2"]
[WhiteElo "2078"]
[BlackElo "2055"]
[PlyCount "36"]
[EventDate "2019.??.??"]
[SourceVersionDate "2020.03.16"]
[WhiteTeam "SF Essen-Katernberg  2"]
[BlackTeam "SK Holsterhausen 1"]

1. c4 c5 2. g3 Nc6 3. Bg2 g6 4. Nc3 Bg7 5. e3 a6 6. Nge2 Rb8 7. a4 d6 8. Rb1 h5
9. h3 e5 10. Nd5 f5 11. b4 cxb4 12. Nxb4 Nxb4 13. Rxb4 Ne7 14. Qb3 Qc7 15. Rb6
Be6 16. d3 e4 17. Nf4 Bf7 18. Bb2 Be5 1/2-1/2

[Event "SF Essen-Katernberg  2 - SK Holsterhaus"]
[Site "NRW-Klasse - Gruppe 2 2019/20"]
[Date "2019.09.08"]
[Round "1.5"]
[White "Bobzin, Pierre"]
[Black "Gorainow, Nikita"]
[Result "1/2-1/2"]
[WhiteElo "2056"]
[BlackElo "1996"]
[PlyCount "28"]
[EventDate "2019.??.??"]
[SourceVersionDate "2020.03.16"]
[WhiteTeam "SK Holsterhausen 1"]
[BlackTeam "SF Essen-Katernberg  2"]

1. Nf3 c5 2. g3 Nc6 3. Bg2 Nf6 4. O-O d5 5. d3 e6 6. Nbd2 Be7 7. e4 O-O 8. Re1
b5 9. exd5 exd5 10. Ne5 Nxe5 11. Rxe5 Bd6 12. Re1 Bg4 13. Bf3 Bxf3 14. Nxf3 Qd7
1/2-1/2

[Event "SF Essen-Katernberg  2 - SK Holsterhaus"]
[Site "NRW-Klasse - Gruppe 2 2019/20"]
[Date "2019.09.08"]
[Round "1.6"]
[White "Kaeding, Rainer"]
[Black "Lindenmaier, Reinhard"]
[Result "1/2-1/2"]
[WhiteElo "2093"]
[BlackElo "1985"]
[PlyCount "42"]
[EventDate "2019.??.??"]
[SourceVersionDate "2020.03.16"]
[WhiteTeam "SF Essen-Katernberg  2"]
[BlackTeam "SK Holsterhausen 1"]

1. c4 c5 2. g3 Nc6 3. Bg2 g6 4. Nc3 Bg7 5. a3 Nf6 6. Rb1 a5 7. e4 O-O 8. Nge2
e5 9. O-O d6 10. d3 Bg4 11. h3 Bd7 12. f4 Nd4 13. Be3 a4 14. g4 exf4 15. Bxf4
Bc6 16. Nxd4 cxd4 17. Ne2 Ne8 18. Qd2 Nc7 19. Bg5 f6 20. Bh4 Ne6 21. Qb4 Qd7
1/2-1/2

[Event "SF Essen-Katernberg  2 - SK Holsterhaus"]
[Site "NRW-Klasse - Gruppe 2 2019/20"]
[Date "2019.09.08"]
[Round "1.7"]
[White "Sicars, Thorsten"]
[Black "Rosen, Willy"]
[Result "1/2-1/2"]
[WhiteElo "1988"]
[BlackElo "2106"]
[Annotator "Daniel"]
[PlyCount "95"]
[EventDate "2019.??.??"]
[SourceVersionDate "2020.03.16"]
[WhiteTeam "SK Holsterhausen 1"]
[BlackTeam "SF Essen-Katernberg  2"]

1. d4 Nf6 2. Bf4 e6 3. Nf3 c5 4. e3 b6 5. Nbd2 Bb7 6. Bd3 Be7 7. h3 O-O 8. c3
cxd4 9. cxd4 Nd5 10. Bg3 f5 11. O-O d6 12. a3 Nd7 13. Rc1 f4 14. exf4 Nxf4 15.
Bc4 d5 16. Bb5 Rc8 17. Qa4 a6 18. Rxc8 Bxc8 19. Bxa6 Bxa6 20. Qxa6 Bd6 21. Re1
Re8 22. Qb5 Nf8 23. Nf1 Qb8 24. Rc1 Re7 25. Rc6 Rb7 26. Bxf4 Bxf4 27. Qb3 b5
28. Ne3 Qe8 29. Qc2 b4 30. Ne5 bxa3 31. bxa3 Bxe5 32. dxe5 Qb8 33. f4 Qa7 34.
Qc5 Qa4 35. Rc8 Rb1+ 36. Nf1 Qxf4 37. Qf2 Qxf2+ 38. Kxf2 Ra1 39. Ra8 Kf7 40.
Ra7+ Ke8 41. Nd2 Nd7 42. Nf3 Ra2+ 43. Kf1 h6 $11 44. h4 Ra1+ 45. Ke2 Ra2+ 46.
Kf1 Ra1+ 47. Kf2 Ra2+ 48. Kf1 1/2-1/2

[Event "SF Essen-Katernberg  2 - SK Holsterhaus"]
[Site "NRW-Klasse - Gruppe 2 2019/20"]
[Date "2019.09.08"]
[Round "1.8"]
[White "Geerlings, Gerd"]
[Black "Warmbier, Robert"]
[Result "1/2-1/2"]
[WhiteElo "1999"]
[BlackElo "1886"]
[PlyCount "34"]
[EventDate "2019.??.??"]
[SourceVersionDate "2020.03.16"]
[WhiteTeam "SF Essen-Katernberg  2"]
[BlackTeam "SK Holsterhausen 1"]

1. Nf3 c5 2. c4 Nf6 3. Nc3 Nc6 4. g3 g6 5. Bg2 Bg7 6. O-O O-O 7. d4 cxd4 8.
Nxd4 Nxd4 9. Qxd4 d6 10. Qh4 Rb8 11. h3 a6 12. Be3 b6 13. Rfd1 Bb7 14. Rac1
Bxg2 15. Kxg2 Qc7 16. f3 Rfc8 17. b3 Qd7 1/2-1/2

[Event "SV Soest 1 - SK Holsterhausen 1"]
[Site "NRW-Klasse - Gruppe 2 2019/20"]
[Date "2019.10.06"]
[Round "2.1"]
[White "Dergatschova, Anna"]
[Black "Tscheuschner, Tobias"]
[Result "0-1"]
[WhiteElo "2137"]
[BlackElo "2093"]
[PlyCount "110"]
[EventDate "2019.??.??"]
[SourceVersionDate "2020.03.16"]
[WhiteTeam "SK Holsterhausen 1"]
[BlackTeam "SV Soest 1"]

1. e4 c5 2. Nf3 e6 3. d4 cxd4 4. Nxd4 a6 5. c4 d6 6. Be2 b6 7. O-O Bb7 8. Bf3
Qc7 9. Qe2 Nd7 10. b3 Ngf6 11. g3 Be7 12. Bb2 O-O 13. Nc3 Rac8 14. Rfd1 Rfe8
15. Bg2 Qb8 16. f4 Bd8 17. g4 h6 18. h4 h5 19. g5 Ng4 20. Bf3 b5 21. Bxg4 hxg4
22. cxb5 Qa7 23. Qxg4 Bb6 24. Na4 Rc2 25. Kf1 Rxb2 26. Nxb2 Bxd4 27. b6 Qxb6
28. Nc4 Qc5 29. Rac1 Rc8 30. b4 Qxc4+ 31. Rxc4 Rxc4 32. f5 Ne5 33. Qf4 Rxb4 34.
g6 exf5 35. gxf7+ Nxf7 36. Qxf5 Be5 37. Qd7 Nh6 38. a3 Rb5 39. Re1 Kh7 40. h5
Rb2 41. Qe8 a5 42. Qg6+ Kh8 43. Re3 Ba6+ 44. Ke1 Bc4 45. Rf3 Bg8 46. Qe8 Rh2
47. Rf8 Rh4 48. Qa4 Rxh5 49. Ra8 Kh7 50. Ke2 Rh2+ 51. Kf3 Bf7 52. Rxa5 Bb3 53.
Qd7 Bd1+ 54. Ke3 Ng4+ 55. Kd3 Be2+ 0-1

[Event "SV Soest 1 - SK Holsterhausen 1"]
[Site "NRW-Klasse - Gruppe 2 2019/20"]
[Date "2019.10.06"]
[Round "2.2"]
[White "Breker, Roland"]
[Black "Walbaum, Klaus"]
[Result "1-0"]
[WhiteElo "2023"]
[BlackElo "2119"]
[PlyCount "57"]
[EventDate "2019.??.??"]
[SourceVersionDate "2020.03.16"]
[WhiteTeam "SV Soest 1"]
[BlackTeam "SK Holsterhausen 1"]

1. d4 Nf6 2. Nc3 d6 3. Bf4 Nbd7 4. Nf3 c6 5. e4 Nh5 6. Be3 g6 7. e5 Nb6 8. Be2
Ng7 9. Qd2 Nf5 10. Bf4 dxe5 11. Bxe5 f6 12. Bf4 Bg7 13. O-O-O O-O 14. h4 Nd5
15. g4 Nxf4 16. Qxf4 Nd6 17. d5 Qa5 18. Nd4 cxd5 19. Nb3 Qd8 20. Nxd5 a5 21.
Qe3 a4 22. Nxe7+ Kh8 23. Nxg6+ hxg6 24. h5 g5 25. h6 axb3 26. Qh3 Rg8 27. hxg7+
Kxg7 28. Qh7+ Kf8 29. Bc4 1-0

[Event "SV Soest 1 - SK Holsterhausen 1"]
[Site "NRW-Klasse - Gruppe 2 2019/20"]
[Date "2019.10.06"]
[Round "2.3"]
[White "Schwalen, Peter"]
[Black "Nolte, Klaus"]
[Result "0-1"]
[WhiteElo "2017"]
[BlackElo "1948"]
[PlyCount "106"]
[EventDate "2019.??.??"]
[SourceVersionDate "2020.03.16"]
[WhiteTeam "SK Holsterhausen 1"]
[BlackTeam "SV Soest 1"]

1. e4 e6 2. d3 c5 3. g3 b6 4. Bg2 Bb7 5. Nf3 d5 6. O-O dxe4 7. Ng5 Nf6 8. Nc3
h6 9. Ngxe4 Nxe4 10. Nxe4 Qc7 11. Bf4 Qd7 12. Re1 Nc6 13. h4 Be7 14. c3 O-O-O
15. Qa4 f5 16. Rad1 fxe4 17. Rxe4 Na5 18. Qc2 Bxe4 19. Bxe4 Bd6 20. Bc1 Rhf8
21. b4 Nb7 22. a3 Kb8 23. Be3 Qc7 24. Kg2 Rc8 25. b5 Be5 26. Bc6 Nd8 27. Be4
Nf7 28. f4 Bf6 29. Kh3 g5 30. Bh1 Nd6 31. Qg2 Nb7 32. d4 Rcd8 33. fxg5 hxg5 34.
hxg5 Be7 35. Qe4 Bd6 36. Rg1 Rh8+ 37. Kg4 Qh7 38. Qxh7 Rxh7 39. g6 Rg7 40. Be4
cxd4 41. cxd4 Bxa3 42. Bf4+ Bd6 43. Bh6 Rgg8 44. Rf1 Bf8 45. Bf4+ Nd6 46. Rc1
Rc8 47. Rh1 Rc7 48. Bd3 Kc8 49. Be5 Rd7 50. Rc1+ Kd8 51. Bf6+ Be7 52. Be5 Nf7
53. Kf4 Bg5+ 0-1